| 000 | 01386nac a22003611u 4500 | ||
|---|---|---|---|
| 003 | EG-ScBUE | ||
| 005 | 20220321100157.0 | ||
| 008 | 200219s1981 enk f b 000 1 eng d | ||
| 020 | _a0192815644 (pbk) | ||
| 020 | _a9780192815644 | ||
| 040 |
_aEG-ScBUE _beng _erda _cEG-ScBUE _dEG-ScBUE |
||
| 082 | 0 | 4 |
_a843.8 _bFLA _222 |
| 100 | 1 |
_aFlaubert, Gustave, _d1821-1880, _eauthor. |
|
| 245 | 1 | 0 |
_aMadame Bovary : _blife in a country town / _cGustave Flaubert ; translated by Gerard Hopkins ; with an introduction by Terence Cave and notes by Mark Overstall. |
| 264 | 1 |
_aOxford : _bOxford University Press, _c1981. |
|
| 300 |
_axxvii, 362 pages ; _c19 cm. |
||
| 336 |
_2rdacontent _atext _btxt |
||
| 337 |
_2rdamedia _aunmediated _bn |
||
| 338 |
_2rdacarrier _avolume _bnc |
||
| 490 | 0 | _aWorld’s classics | |
| 504 | _aIncludes bibliographical references. | ||
| 546 |
_aText in English ; translated from the original French. _b |
||
| 650 | 7 |
_aPhysicians' spouses _vFiction. _2BUEsh _937837 |
|
| 650 | 7 |
_aMarried women _vFiction. _2BUEsh |
|
| 650 | 7 |
_aAdultery _vFiction. _2BUEsh |
|
| 651 | _2BUEsh | ||
| 653 |
_bGGEN _cMarch2022 |
||
| 655 |
_vReading book _934232 |
||
| 700 | 1 |
_aHopkins, Gerard Manley, _d1844-1889, _etranslator. |
|
| 700 | 1 |
_aCave, Terence, _eauthor of introduction, etc. |
|
| 700 | 1 |
_aOverstall, Mark, _eauthor of introduction, etc. |
|
| 942 |
_cBB _k843.8 FLA _2ddc |
||
| 999 |
_c7413 _d7413 |
||